000 00418pam a2200169 a 4500
020 _a0471096822 :
040 _cDLC
082 0 0 _a634 BRU 1984 C166 Or.
100 1 _aZobel, Bruce,
245 1 0 _aApplied forest tree improvement /
260 _aNew York :
_bWiley,
_cc1984.
300 _axv, 505 p. :
_bill. ;
_c24 cm.
650 0 _aTrees
650 0 _aForest genetics.
700 1 _aTalbert, John.
942 _cAEDBB
999 _c19363
_d19363